004190000a22001090004500090001700000245010000017041001400117100004200131942001300173773010600186999001700292 aASbSeriadas10aOrobanchaceae vent., una familia de plantas holoparásitas nueva para el territorio colombiano0 aEspañol1 aFernández Alonso, José Luis94621 cARTICULO1 tRevista de la Academia Colombiana de Ciencias Exactas, Fisicas y Naturales332h91q173-182d2000g24 c14125d14125